000 00507nam a2200169Ia 4500
008 240729s9999 xx 000 0 und d
022 _a1452-8185
245 0 _aNuclear Technology and Radiation Protection
260 _aSerbia
260 _bVINCA Institute of Nuclear Sciences
650 _a Nuclear and particle physics. Atomic energy. Radioactivity
650 _a Physics
650 _aScience
856 _uhttps://doaj.org/toc/127f408bdfc2408095fd04ceb665972a
942 _2ddc
942 _cDOAJEJ
999 _c71296
_d71296
945 _a1
_bMadushi Gamage
_c1
_dMadushi Gamage